000 00306nam a22001457a 4500
008 221025b ||||| |||| 00| 0 eng d
020 _a9780714847894
041 _aeng
080 _a7
082 _a7PHA
100 _a21.1
101 _aART
245 _a30,000YEARS OF ART
_cPHAIDON
942 _2udc
_cBK
999 _c58672
_d58672